| 000 | 01503cam a22001814a 4500 | ||
|---|---|---|---|
| 005 | 20250605164210.0 | ||
| 008 | 250528s ||||||||||||||||||||||||d | ||
| 035 | _a20206 | ||
| 040 |
_aGR-AtMCL _bgre _dGR-AtMCL _eAACR2 |
||
| 245 | 1 | _aΠρακτικά Φορολογικά Βοηθήματα 1990 Α | |
| 260 |
_bΑθήνα, _c1990 |
||
| 300 | _a560 | ||
| 520 | _aΓενικές Διατάξεις, Επιβολή Φόρου, Δήλωση και Αρμοδιότητα, Κατηγορίες Εισοδήματος, Εισόδημα από Ακίνητα, Εισόδημα Εξ Εκμισθώσεως Γαιών, Εισόδημα εξ Κινητών Αξιών, Εισόδημα Εξ Εμπορικών Επιχειρήσεων, Εισόδημα Εκ Γεωργικών Επιχειρήσεων, Εισόδημα Εκ Μισθωτών Υπηρεσιών, Εισόδημα Εξ Υπηρεσιών Ελευθεριών Επαγγελμάτων και Εκ Πάσης Άλλης Πηγής, Βεβαίωση Φόρου, Διαδικασία Βεβαιώσεως Φόρου, Πρόσθετοι Φόροι και Παραγραφή και Απόρρητο, Υποχρεώσεις Ποινικαί και Τελικαί και Μεταβατικαί Διατάξεις, Υποχρεώσεις, Ποινικαί Διατάξεις, Τελικαί και Μεταβατικαί Διατάξεις. | ||
| 700 | 1 |
_aΚράτσης Αγαπητός Σ _96238 |
|
| 942 | _cBK | ||
| 999 |
_c5341 _d5341 |
||